LEADER 00838nam0-22002891i-450- 001 990006156190403321 005 19980601 035 $a000615619 035 $aFED01000615619 035 $a(Aleph)000615619FED01 035 $a000615619 100 $a19980601d1993----km-y0itay50------ba 105 $a--------00-yy 200 1 $a<>reato di omissione di soccorso$fAlberto Cadoppi. 210 $aPadova$cCedam$d1993 215 $aIX,, 202 p.$d24 cm 225 1 $aDipartimento di scienze giuridiche, Università di Trento$v18 676 $a345.02 700 1$aCadoppi,$bAlberto$f<1957- >$0231121 801 0$aIT$bUNINA$gRICA$2UNIMARC 901 $aBK 912 $a990006156190403321 952 $aUNIV. 484 (18)$b24267*$fFGBC 959 $aFGBC 996 $aReato di omissione di soccorso$9645508 997 $aUNINA DB $aGIU01